| 000 | 00721aam a2200277 4500 | ||
|---|---|---|---|
| 005 | 20260306174007.0 | ||
| 008 | 150416b2001 xxu||||| |||| 00| 0 spa d | ||
| 020 | _a99776767810 | ||
| 041 | _aESP | ||
| 082 | _a364.132.3 G643e | ||
| 100 |
_aGonzález Ortega, Alfonso _934004 |
||
| 100 |
_aSolís, Avendano Manuel _934005 |
||
| 245 | _aEntre el desarraigo y el despojo: Costa Rica en el fin de siglo | ||
| 260 | _aCosta Rica | ||
| 260 | _bEUCR | ||
| 260 | _c2001 | ||
| 300 | _a478 páginas | ||
| 490 | _aInvestigación Criminal | ||
| 650 | _aCORRUPCIÓN | ||
| 650 | _aPOLÍTICA | ||
| 650 | _aCOSTA RICA | ||
| 650 | _aGOBIERNO | ||
| 650 | _aTRANSGRESIÓN | ||
| 650 | _aPODER POLÍTICO | ||
| 942 |
_cBK _2ddc |
||
| 999 |
_c4720 _d4720 |
||